| 000 | 00350nam a22001577a 4500 | ||
|---|---|---|---|
| 003 | SGT | ||
| 020 | _a9789386827838 | ||
| 082 |
_a610.6 _bH18S |
||
| 100 | _aSAXENA, MANISHA | ||
| 245 | _aHOSPITAL MANAGEMENT VOLUME -3 | ||
| 250 | _a1ST | ||
| 260 |
_aINDIA _bCBS PUB _c2018 |
||
| 300 | _a510 | ||
| 650 | _aHOSPITAL MANAGEMENT | ||
| 942 |
_2ddc _cBK _04 |
||
| 999 |
_c21921 _d21921 |
||